000 00928nam a2200217Ii 4500
003 JO-AjNU
008 230605s9999||||xx |||||||||||||| ||und||
017 _a2011/4/1317
040 _aJO-AjNU
_bara
_erda
_cJO-AjNU
041 _aara
050 1 4 _aKMM122.2011
100 3 _a السلامات ، نادر عبدالحليم ,
_eauthor
_950135
245 0 0 _aعقد الترخيص باستعمال العلامة التجارية في التشريع الأردني " دراسة مقارنة "
250 _a(د،ط)
264 3 1 _aعمان : نادر عبدالحليم السلامات ، 2011
300 _a202ص
336 _atext
_btxt
_2rdacontent
337 _aunmediated
_bn
_2rdamedia
338 _avolume
_bnc
_2rdacarrier
650 4 _aالعلامات التجارية -- قوانيين وتشريعات -- الاردن -- التراخيص التجارية -- قوانيين وتشريعات -- الاردن
_950136
999 _aA22066
_c25634
_d25634